Top 10 Countries with the Best Sense of Humor - Statistics

General Stats
  • This quiz has been taken 53 times
  • The average score is 8 of 10
Answer Stats
Hint Answer % Correct
2: United States
96%
1: United Kingdom
89%
4: Canada
83%
6: France
80%
10: Mexico
78%
3: Australia
76%
9: Brazil
67%
5: Germany
67%
7: Japan
61%
8: India
54%
No matching quizzes found
Score Distribution
Percent of People with Each Score
Percentile by Number Answered
Your Score History
You have not taken this quiz